00303nam a2200121 450000500170000002000180001708200180003508400250005310000150007824500430009326000350013630000100017120260423152313.0 a9781032077161 a590.73bROS.B 2Colon Classification aRose, Paul aThe behavioural biology of zoo animals aBoca Raton:bCRC press;c2023. a351p.